[Event "Remote No Engine Nah2-20 email"]
[Site "Remote email"]
[Date "2014.09.17"]
[Round "?"]
[White "Tortoza, Carlos Alberto"]
[Black "Witt, Monika"]
[Result "1-0"]
[WhiteElo "1632"]
[BlackElo "1390"]
[PlyCount "43"]
[EventDate "2014.??.??"]
[EventType "tourn (corr)"]
[EventRounds "4"]
[EventCountry "GER"]
[SourceTitle "Corr 2015"]
[Source "ChessBase"]
[SourceDate "2015.07.17"]
[SourceVersion "1"]
[SourceVersionDate "2015.07.17"]
[SourceQuality "1"]

1. e4 e5 2. Nf3 Nc6 3. Bb5 a6 4. Bxc6 dxc6 5. Nxe5 f6 6. Qh5+ g6 7. Nxg6 Bg7 8. Nxh8+ Ke7 9. Qf7+ Kd6 10. Qxg7 f5 11. Nf7+ Ke7 12. Nxd8+ Kxd8 13. Qxg8+ Ke7 14. Qxh7+ Kd6 15. Qg6+ Be6 16. exf5 Ke5 17. Qxe6+ Kd4 18. c3+ Kc5 19. b4+ Kb6 20. Qe3+ Kb5 21. Qc5+ Ka4 22. Qa5# 1-0

[Event "Remote S5E No Engine-273 email"]
[Site "Remote email"]
[Date "2014.09.16"]
[Round "?"]
[White "Guelker, Lorenz"]
[Black "Witt, Monika"]
[Result "1-0"]
[WhiteElo "2000"]
[BlackElo "1390"]
[PlyCount "93"]
[EventDate "2014.??.??"]
[EventType "tourn (corr)"]
[EventRounds "4"]
[EventCountry "GER"]
[SourceTitle "Corr 2015"]
[Source "ChessBase"]
[SourceDate "2015.07.17"]
[SourceVersion "1"]
[SourceVersionDate "2015.07.17"]
[SourceQuality "1"]

1. d4 d5 2. Nf3 Nc6 3. Nc3 Nf6 4. Bf4 a6 5. e3 h6 6. Bd3 Bg4 7. 0-0 e6 8. h3 Bh5 9. g4 Bg6 10. Bxg6 fxg6 11. Qd3 Qe7 12. Qxg6+ Qf7 13. Qxf7+ Kxf7 14. Bxc7 Rc8 15. Be5 Ne4 16. Ne2 Nxe5 17. Nxe5+ Ke8 18. f3 Bd6 19. fxe4 Bxe5 20. dxe5 dxe4 21. Nd4 Ke7 22. Rf4 g5 23. Rxe4 Rc4 24. Nf5+ exf5 25. Rxc4 Ke6 26. Rc5 b6 27. Rc6+ Kxe5 28. gxf5 Kxf5 29. Rxb6 h5 30. Rxa6 Re8 31. Kf2 Rd8 32. Kf3 g4+ 33. hxg4+ hxg4+ 34. Kg3 Rg8 35. Rd1 Rc8 36. Rd5+ Ke4 37. Raa5 Kxe3 38. Rd7 Ke4 39. Rb7 Rd8 40. Re7+ Kd4 41. c3+ Kd3 42. Ree5 Rb8 43. Rad5+ Kc2 44. Re2+ Kc1 45. Rdd2 Rxb2 46. Rxb2 Kd1 47. Rec2 1-0

[Event "Remote S5E No Engine-272 email"]
[Site "Remote email"]
[Date "2014.09.07"]
[Round "?"]
[White "Pirs, Matjaz"]
[Black "Witt, Monika"]
[Result "1-0"]
[WhiteElo "2510"]
[BlackElo "1390"]
[PlyCount "71"]
[EventDate "2014.??.??"]
[EventType "tourn (corr)"]
[EventRounds "4"]
[EventCountry "GER"]
[SourceTitle "Corr 2015"]
[Source "ChessBase"]
[SourceDate "2015.07.17"]
[SourceVersion "1"]
[SourceVersionDate "2015.07.17"]
[SourceQuality "1"]

1. e4 e5 2. Nf3 Nc6 3. Bb5 a6 4. Ba4 b5 5. Bb3 h6 6. 0-0 Nf6 7. Re1 Bc5 8. Nxe5 Nxe5 9. d4 Bb4 10. c3 Bd6 11. dxe5 Bxe5 12. f4 Bd6 13. e5 Bc5+ 14. Kh1 Ng8 15. Qd5 Qe7 16. Qxa8 Qd8 17. Qd5 Qe7 18. a4 c6 19. Qf3 b4 20. Be3 d5 21. exd6 Qxd6 22. Bxc5+ Kd7 23. Bxd6 Kxd6 24. cxb4 f5 25. Nc3 Nf6 26. Rad1+ Kc7 27. Re7+ Nd7 28. Be6 Rd8 29. b5 axb5 30. axb5 Bb7 31. Rdxd7+ Rxd7 32. Rxd7+ Kb6 33. Qe3+ c5 34. b4 Bxg2+ 35. Kxg2 g6 36. Qxc5# 1-0

[Event "Remote S7E Schnell-104 email"]
[Site "Remote email"]
[Date "2014.07.27"]
[Round "?"]
[White "Witt, Monika"]
[Black "Hahner, Anton"]
[Result "0-1"]
[WhiteElo "1390"]
[BlackElo "2074"]
[PlyCount "54"]
[EventDate "2014.??.??"]
[EventType "tourn (corr)"]
[EventRounds "6"]
[EventCountry "GER"]
[SourceTitle "Corr 2015"]
[Source "ChessBase"]
[SourceDate "2015.07.17"]
[SourceVersion "1"]
[SourceVersionDate "2015.07.17"]
[SourceQuality "1"]

1. e4 e5 2. Nf3 Nc6 3. a3 Bc5 4. Bb5 a6 5. Bxc6 dxc6 6. Nxe5 Qd4 7. Nd3 Qxe4+ 8. Qe2 Qxe2+ 9. Kxe2 Bd6 10. h3 Nf6 11. g3 0-0 12. Kf1 c5 13. c4 b5 14. b3 Bb7 15. Rh2 Rad8 16. cxb5 axb5 17. Nc3 Bxg3 18. fxg3 Rxd3 19. Nxb5 Rf3+ 20. Kg2 Rxb3+ 21. Kf1 Rxb5 22. d3 Rd8 23. Ke2 Rb3 24. a4 Rdxd3 25. g4 Bf3+ 26. Kf2 Ne4+ 27. Ke1 Rd1# 0-1

[Event "Remote S7E Schnell-104 email"]
[Site "Remote email"]
[Date "2014.07.27"]
[Round "?"]
[White "Witt, Monika"]
[Black "Spieler, Freakie"]
[Result "0-1"]
[WhiteElo "1390"]
[BlackElo "2238"]
[PlyCount "54"]
[EventDate "2014.??.??"]
[EventType "tourn (corr)"]
[EventRounds "6"]
[EventCountry "GER"]
[SourceTitle "Corr 2015"]
[Source "ChessBase"]
[SourceDate "2015.07.17"]
[SourceVersion "1"]
[SourceVersionDate "2015.07.17"]
[SourceQuality "1"]

1. e4 c5 2. Bc4 e6 3. Nf3 d5 4. exd5 exd5 5. Qe2+ Be7 6. Bb5+ Nc6 7. Bxc6+ bxc6 8. d4 Nf6 9. Ne5 Qc7 10. c3 0-0 11. f3 cxd4 12. cxd4 c5 13. Bf4 Nh5 14. Be3 cxd4 15. Bxd4 Bd6 16. g3 Re8 17. f4 Nxf4 18. gxf4 Qc1+ 19. Qd1 Qxf4 20. Qf3 Qxf3 21. Nd2 Qxh1+ 22. Nf1 Bxe5 23. Bf2 Bc3+ 24. Kd1 Qxf1+ 25. Kc2 Bf5+ 26. Kxc3 Qc4+ 27. Kd2 Qc2# 0-1

[Event "Remote Random-182 email"]
[Site "Remote email"]
[Date "2014.07.22"]
[Round "?"]
[White "Tortoza, Carlos Alberto"]
[Black "Witt, Monika"]
[Result "1-0"]
[WhiteElo "1632"]
[BlackElo "1390"]
[PlyCount "77"]
[EventDate "2014.??.??"]
[EventType "tourn (corr)"]
[EventRounds "12"]
[EventCountry "GER"]
[SourceTitle "Corr 2015"]
[Source "ChessBase"]
[SourceDate "2015.07.17"]
[SourceVersion "1"]
[SourceVersionDate "2015.07.17"]
[SourceQuality "1"]

1. d4 d5 2. c4 e6 3. Nc3 Nf6 4. Bg5 Be7 5. e3 0-0 6. Nf3 h6 7. Bxf6 Bxf6 8. Rc1 c6 9. Bd3 Nd7 10. 0-0 dxc4 11. Bxc4 Nb6 12. Bb3 a6 13. Na4 Nxa4 14. Bxa4 b5 15. Bb3 a5 16. Qd3 a4 17. Bc2 g6 18. Ne5 Bxe5 19. dxe5 Ba6 20. Rfd1 b4 21. Qe4 Bb7 22. Rxd8 Raxd8 23. Bxa4 Kg7 24. Bxc6 Bxc6 25. Qxc6 h5 26. Qb7 Rb8 27. Qe7 Kh6 28. h4 Rbe8 29. Qg5+ Kh7 30. b3 Rd8 31. Rc4 Rd1+ 32. Kh2 Rf1 33. Kg3 Rd8 34. Qxd8 Ra1 35. Qf6 Rxa2 36. Rc8 g5 37. Qh8+ Kg6 38. Qf6+ Kh7 39. Rh8# 1-0

[Event "Remote email"]
[Site "Remote email"]
[Date "2014.07.07"]
[Round "?"]
[White "Martin, Leandra"]
[Black "Witt, Monika"]
[Result "0-1"]
[WhiteElo "1480"]
[BlackElo "1390"]
[PlyCount "108"]
[EventDate "2014.??.??"]
[EventType "tourn (corr)"]
[EventRounds "6"]
[EventCountry "GER"]
[SourceTitle "Corr 2015"]
[Source "ChessBase"]
[SourceDate "2015.07.17"]
[SourceVersion "1"]
[SourceVersionDate "2015.07.17"]
[SourceQuality "1"]

1. d4 d5 2. g4 Bxg4 3. f3 Bf5 4. Bf4 Nc6 5. Nc3 Nf6 6. Nb5 h6 7. Bh3 e5 8. dxe5 Bxh3 9. Nxh3 Nh5 10. e4 Qh4+ 11. Nf2 Nxf4 12. Nxc7+ Ke7 13. Nxa8 Ng2+ 14. Ke2 Nf4+ 15. Ke1 d4 16. Rg1 Qxh2 17. Rg4 Ng2+ 18. Rxg2 Qxg2 19. Qd3 Qg1+ 20. Qf1 Qxf1+ 21. Kxf1 Nxe5 22. c3 Nxf3 23. cxd4 Kd7 24. Nd3 Nxd4 25. Rc1 Bd6 26. Rd1 Rxa8 27. Nf2 Be5 28. Nd3 Kd6 29. Rc1 f6 30. Nc5 Ke7 31. Nxb7 Kf7 32. b4 Rb8 33. Nc5 Rxb4 34. Nd3 Rb5 35. Ke1 Nf3+ 36. Kd1 Bg3 37. a4 Nd4 38. axb5 Nxb5 39. Rb1 Nc3+ 40. Kc1 Nxb1 41. Kxb1 a5 42. Nc5 Bd6 43. Nb7 Bc7 44. Ka2 g5 45. Nc5 g4 46. Nd3 g3 47. Ne1 h5 48. Ng2 Ke6 49. Ka3 Ke5 50. Ka4 Kxe4 51. Ka3 f5 52. Ka4 f4 53. Nxf4 Bxf4 54. Kxa5 g2 0-1

[Event "Remote No Engine Nah2-18 email"]
[Site "Remote email"]
[Date "2014.06.28"]
[Round "?"]
[White "Witt, Monika"]
[Black "Pirs, Matjaz"]
[Result "0-1"]
[WhiteElo "1390"]
[BlackElo "2510"]
[PlyCount "60"]
[EventDate "2014.??.??"]
[EventType "tourn (corr)"]
[EventRounds "6"]
[EventCountry "GER"]
[SourceTitle "Corr 2015"]
[Source "ChessBase"]
[SourceDate "2015.07.17"]
[SourceVersion "1"]
[SourceVersionDate "2015.07.17"]
[SourceQuality "1"]

1. e4 c5 2. Bc4 Nc6 3. Nf3 g6 4. a3 Bg7 5. Ng5 e6 6. c3 Qxg5 7. d3 Qxg2 8. Rf1 Ne5 9. f4 Nxc4 10. dxc4 Qxe4+ 11. Qe2 Qxe2+ 12. Kxe2 d5 13. cxd5 exd5 14. Be3 d4 15. Bf2 Bg4+ 16. Kd3 c4+ 17. Kd2 d3 18. Re1+ Kd7 19. a4 Nf6 20. Bc5 Rhe8 21. Na3 Ne4+ 22. Rxe4 Rxe4 23. Be3 Rae8 24. Nb5 Rxe3 25. Nd4 a5 26. h3 Bxd4 27. cxd4 Re2+ 28. Kc1 Re1+ 29. Kd2 R8e2+ 30. Kc3 Rc2# 0-1

[Event "Remote S5E No Engine-267 email"]
[Site "Remote email"]
[Date "2014.06.24"]
[Round "?"]
[White "Guelker, Lorenz"]
[Black "Witt, Monika"]
[Result "1-0"]
[WhiteElo "2000"]
[BlackElo "1390"]
[PlyCount "127"]
[EventDate "2014.??.??"]
[EventType "tourn (corr)"]
[EventRounds "4"]
[EventCountry "GER"]
[SourceTitle "Corr 2015"]
[Source "ChessBase"]
[SourceDate "2015.07.17"]
[SourceVersion "1"]
[SourceVersionDate "2015.07.17"]
[SourceQuality "1"]

1. d4 d5 2. Nf3 Nc6 3. Nc3 Nf6 4. Bf4 a6 5. e3 h6 6. Bd3 e6 7. 0-0 Bb4 8. Ne2 g5 9. a3 gxf4 10. axb4 b5 11. exf4 Nxb4 12. Bxb5+ Bd7 13. c3 Bxb5 14. cxb4 Qd6 15. Qe1 Ne4 16. h3 Bxe2 17. Qxe2 Qxf4 18. Rxa6 0-0 19. g3 Nxg3 20. fxg3 Qxg3+ 21. Qg2 Qxg2+ 22. Kxg2 Rxa6 23. Ne5 Rb8 24. Rxf7 Rxb4 25. Rxc7 Rxb2+ 26. Kf3 Ra3+ 27. Kg4 Rg2+ 28. Kh4 Re3 29. Ng4 Reg3 30. Re7 h5 31. Nh6+ Kf8 32. Rxe6 Rd3 33. Rf6+ Kg7 34. Rd6 Rxd4+ 35. Kxh5 Kf8 36. Nf5 Rd3 37. Rf6+ Ke8 38. h4 Kd8 39. Kh6 Rf3 40. Rd6+ Kc7 41. Rxd5 Rh2 42. Kg5 Rg2+ 43. Kf6 Ra2 44. h5 Ra6+ 45. Ke7 Kc6 46. Re5 Ra7+ 47. Kf6 Kd7 48. Re7+ Kd8 49. Rxa7 Kc8 50. h6 Kb8 51. Rf7 Rh3 52. Kg7 Rh5 53. h7 Rg5+ 54. Kf6 Rh5 55. Kg6 Rh1 56. Kg7 Rh5 57. h8Q+ Rxh8 58. Kxh8 Kc8 59. Nd6+ Kd8 60. Nb7+ Ke8 61. Rh7 Kf8 62. Rg7 Ke8 63. Nd6+ Kf8 64. Rf7# 1-0

[Event "Remote S7E Schnell-103 email"]
[Site "Remote email"]
[Date "2014.06.23"]
[Round "?"]
[White "Schulz, Peter"]
[Black "Witt, Monika"]
[Result "1-0"]
[WhiteElo "1953"]
[BlackElo "1390"]
[PlyCount "75"]
[EventDate "2014.??.??"]
[EventType "tourn (corr)"]
[EventRounds "6"]
[EventCountry "GER"]
[SourceTitle "Corr 2015"]
[Source "ChessBase"]
[SourceDate "2015.07.17"]
[SourceVersion "1"]
[SourceVersionDate "2015.07.17"]
[SourceQuality "1"]

1. d4 d5 2. Nf3 Nc6 3. c4 h6 4. Nc3 e6 5. a3 a6 6. b4 dxc4 7. e4 e5 8. d5 Nd4 9. Nxd4 Nf6 10. Nf3 Bd6 11. Bxc4 Bg4 12. b5 Bc5 13. 0-0 Qd6 14. Qe2 0-0-0 15. bxa6 Bd4 16. Bb2 bxa6 17. Bxa6+ Kd7 18. Bd3 Nh5 19. Nb5 Qb6 20. Nbxd4 exd4 21. Ne5+ Ke7 22. Qxg4 Nf6 23. Qxg7 Rhe8 24. Qxf7+ Kd6 25. Qxf6+ Kc5 26. Qxb6+ Kxb6 27. Bxd4+ c5 28. Rfb1+ Kc7 29. Rc1 Rb8 30. Rxc5+ Kd6 31. Rac1 Ke7 32. Nc6+ Kd6 33. Nxb8 Rxb8 34. Ra5 Rb3 35. Rc6+ Kd7 36. Ra7+ Kd8 37. Bf6+ Ke8 38. Rc8# 1-0

[Event "Remote No Engine Nah2-17 email"]
[Site "Remote email"]
[Date "2014.05.28"]
[Round "?"]
[White "Witt, Monika"]
[Black "Guelker, Lorenz"]
[Result "1/2-1/2"]
[WhiteElo "1476"]
[BlackElo "1985"]
[PlyCount "102"]
[EventDate "2014.??.??"]
[EventType "tourn (corr)"]
[EventRounds "6"]
[EventCountry "GER"]
[SourceTitle "Corr 2015"]
[Source "ChessBase"]
[SourceDate "2015.07.17"]
[SourceVersion "1"]
[SourceVersionDate "2015.07.17"]
[SourceQuality "1"]

1. e4 e5 2. Nf3 Nc6 3. a3 Bc5 4. d3 Nf6 5. h3 d6 6. Bg5 0-0 7. Nc3 h6 8. Bh4 a6 9. Qe2 Be6 10. 0-0-0 Nd4 11. Nxd4 exd4 12. Na4 Ba7 13. Kb1 b5 14. Qf3 bxa4 15. Bxf6 Qxf6 16. Be2 Qe5 17. c4 dxc3 18. Kc2 Bb3+ 19. Kc1 cxb2+ 20. Kb1 Rab8 21. Rd2 Ba2+ 22. Kxa2 Bd4 23. Kb1 Rb3 24. Qg3 Rxa3 25. Qxe5 Bxe5 26. d4 Ra1+ 27. Kxb2 Rxh1 28. dxe5 Rb8+ 29. Ka2 dxe5 30. Bxa6 Rc1 31. Bd3 a3 32. Rc2 Rxc2+ 33. Bxc2 Rb2+ 34. Kxa3 Rxc2 35. g4 Rxf2 36. h4 Rf4 37. g5 Rxh4 38. gxh6 gxh6 39. Kb4 Rxe4+ 40. Kc5 Rh4 41. Kd5 Ra4 42. Kxe5 Ra6 43. Kf5 Kg7 44. Kg4 Ra5 45. Kf4 Kg6 46. Ke4 Kg5 47. Kd4 Kf5 48. Kc4 Ke4 49. Kc3 Rf5 50. Kb4 Kd3 51. Kb3 Rf4 1/2-1/2

[Event "Remote No Engine Nah2-17 email"]
[Site "Remote email"]
[Date "2014.05.28"]
[Round "?"]
[White "Witt, Monika"]
[Black "Pirs, Matjaz"]
[Result "0-1"]
[WhiteElo "1476"]
[BlackElo "2506"]
[PlyCount "60"]
[EventDate "2014.??.??"]
[EventType "tourn (corr)"]
[EventRounds "6"]
[EventCountry "GER"]
[SourceTitle "Corr 2015"]
[Source "ChessBase"]
[SourceDate "2015.07.17"]
[SourceVersion "1"]
[SourceVersionDate "2015.07.17"]
[SourceQuality "1"]

1. e4 c5 2. Bc4 Nc6 3. c3 e6 4. Nf3 d5 5. exd5 exd5 6. Bb5 Nf6 7. Bxc6+ bxc6 8. Qe2+ Be7 9. Ne5 Bb7 10. d3 0-0 11. 0-0 Re8 12. Nxf7 Kxf7 13. Bg5 Bd6 14. Be3 d4 15. cxd4 cxd4 16. Qd2 dxe3 17. fxe3 Qe7 18. Kh1 Qe5 19. g3 Rad8 20. Nc3 Qh5 21. e4 Bxg3 22. Qg2 Rxd3 23. h3 Be5 24. Rac1 Rxh3+ 25. Kg1 Bd4+ 26. Rf2 Qh4 27. Kf1 Bxf2 28. Rc2 Rh1+ 29. Ke2 Ba6+ 30. Kf3 Rh3+ 0-1

[Event "Remote No Engine Nah2-17 email"]
[Site "Remote email"]
[Date "2014.05.28"]
[Round "?"]
[White "Zens, Rolf"]
[Black "Witt, Monika"]
[Result "1-0"]
[WhiteElo "2104"]
[BlackElo "1390"]
[PlyCount "65"]
[EventDate "2014.??.??"]
[EventType "tourn (corr)"]
[EventRounds "6"]
[EventCountry "GER"]
[SourceTitle "Corr 2015"]
[Source "ChessBase"]
[SourceDate "2015.07.17"]
[SourceVersion "1"]
[SourceVersionDate "2015.07.17"]
[SourceQuality "1"]

1. e4 e5 2. Nf3 Nc6 3. Bb5 a6 4. Ba4 b5 5. Bb3 h6 6. 0-0 Nf6 7. c3 d6 8. Re1 Bg4 9. h3 Be6 10. Bxe6 fxe6 11. d4 exd4 12. cxd4 d5 13. exd5 Nxd5 14. Rxe6+ Nce7 15. Ne5 Nf6 16. Nc3 c5 17. Rxf6 gxf6 18. Qh5+ Ng6 19. Qxg6+ Ke7 20. Nc6+ Kd7 21. Nxd8 Rxd8 22. Be3 Bd6 23. dxc5 Be5 24. Rd1+ Kc6 25. Qe4+ Kc7 26. Rxd8 Rxd8 27. f4 Bxc3 28. bxc3 Rd1+ 29. Kh2 f5 30. Qe5+ Kd7 31. Bd4 Kc6 32. Qd6+ Kb7 33. c6+ 1-0

[Event "Remote No Engine Nah2-16 email"]
[Site "Remote email"]
[Date "2014.05.12"]
[Round "?"]
[White "Tortoza, Carlos Alberto"]
[Black "Witt, Monika"]
[Result "1-0"]
[WhiteElo "1560"]
[BlackElo "1476"]
[PlyCount "47"]
[EventDate "2014.??.??"]
[EventType "tourn (corr)"]
[EventRounds "6"]
[EventCountry "GER"]
[SourceTitle "Corr 2015"]
[Source "ChessBase"]
[SourceDate "2015.07.17"]
[SourceVersion "1"]
[SourceVersionDate "2015.07.17"]
[SourceQuality "1"]

1. e4 e5 2. Bc4 Bc5 3. Qh5 Qf6 4. Nf3 g6 5. Qh3 Ne7 6. Qh6 d5 7. exd5 Bf5 8. d3 Ng8 9. Bg5 Qd6 10. Qg7 Bxf2+ 11. Kxf2 Nd7 12. Qxh8 Qc5+ 13. Be3 0-0-0 14. Bxc5 Nxc5 15. Nxe5 Ne7 16. Qf6 Ng8 17. Qxf7 Be6 18. dxe6 Nh6 19. Qxh7 Nf5 20. Nf7 Rf8 21. Qxg6 Nh4 22. Qg4 Nxg2 23. e7+ Ne6 24. Qxe6+ 1-0